1771 1007 1300 1942 1752 1372 1990 1592 1641 1114 1442 1739 1225 1561 1263 1843 1655 1169 1699 1956 1567 1762 1866 1601 1550 1776 1035 1210 1277 1738 1461 1575 1430 1070 1855 1581 1355 1978 1696 1727 1294 1237 1017 1589 1218 1835 1908 1795 1154 1468 1893 1431 1391 1468 1988 1332 1698 1612 1017 1010 1528 1916 1255 1775 1576 1419 1291 1716 1259 1770 1378 1529 1672 1792 1342 1925 1648 1307 1551 1313 1324 1595 1583 1298 1493 1089 1168 1947 1760 1529 1541 1973 1295 1092 1360 1973 1138 1300 1877 BCNSPRNW ULIB Ver.6.0+V

เปลี่ยนเป็นภาษาไทย

Change to English
 แสดงรายละเอียดบรรณานุกรม
  กลับหน้าหลัก

Brief Record : Get Marc (ISO 2709) : E-mail record : QR code < ปิดหน้าต่าง
LEADER : 00000nam 2200000uu 4500
001    13399124230
003     ULIB
008    150212s2010 th a 000 0 eng d
020    9780702029479
060  4 WY106^bP976
100    Dianne Watkins.
245    Public Health and Community Nursing./^cDianne Watkins.,Judy Cousins.
250    3rd ed
260    St.Louis :^bBaillere Tindall Elsevier,^c2010
300    318 pages;^b24.5 cm
650    Public Health^xNursing
650    Community^xNursing
700    Judy Cousins.
945    ^p0^l0^i027415
999    ^aทศพร
รายการนี้ยังไม่มีแท็ก
คุณยังไม่ได้ล็อกอิน คุณสามารถมีกิจกรรมร่วมกับเว็บไซต์ได้ แต่ต้องล็อกอินก่อน ::
  ล็อกอิน

รายการสื่อสารสนเทศ

ลำดับที่ ประเภท เลขเรียก/บาร์โค้ด สถานที่ สถานะ
1. Book การพยาบาล
Book การพยาบาล
WY106 P976 ฉ.1 
  Barcode: 027415
ห้องสมุดวิทยาเขตสวรรค์ประชารักษ์
►หนังสือทั่วไป
บนชั้น

รายการใกล้เคียง
    หัวเรื่อง [Public Health Nursing]

BibComment


ยังไม่เคยถูกคอมเมนท์

คอมเมนท์ทรัพยากรรายการนี้
  คอมเมนท์: Public Health and..


 Copyright 2026. Bcnsprnw @Library